• 首页
  • 本馆介绍
  • 公告通知
  • 最新文献
  • 馆藏检索
  • 电子资源
  • 读者导购
  • 参考咨询
  • 我的图书馆
  • 登录
  • 详细信息显示
  • 放入我的书架
  • 预约/预借图书
  • 作者相关作品
  • 分类相关作品
  • 丛书相关作品
  • 出版社相关作品

书目信息

  • 表格格式
  • 工作单格式
  • 卡片格式
题名:
甲醛生产
    
 
作者: 戴自庚 主编 ;全国甲醛行业协作组 编著
分册:  
出版信息: 成都   电子科技大学出版社  1993
页数: 18,704页
开本: 20cm
丛书名:
单 册:
中图分类: TQ224.12
科图分类:
主题词: 甲醛--生产--催化剂 , 甲醛 , 催化剂
电子资源:
ISBN: 7-81016-781-2
000 00883nam0 2200265 45
001 01200620000019
005 20070705154849.01
010    @a7-81016-781-2@dCNY56.80
092    @aCN@b491850
100    @a20060422e20051993em y0chiy0121 ea
101 0  @achi
102    @aCN@b510000
105    @ay z 000zy
200 1  @a甲醛生产@9jia quan sheng chan@f戴自庚主编@g全国甲醛行业协作组编著
210    @a成都@c电子科技大学出版社@d1993@h2005重印
215    @a18,704页@d20cm
330    @a本书主要章节:甲醛生产和原料甲醇、甲醛生产反应物的准备与输送、甲醛生产反应过程、甲醛气体的吸收、甲醛工业催化剂等。
606 0  @a甲醛@x生产@x催化剂
606 0  @a甲醛
606 0  @a催化剂
690    @aTQ224.12@v4
701  0 @a戴自庚@9dai zi geng@4主编
712 02 @a全国甲醛行业协作组@9quan guo jia quan xing ye xie zuo zu@4编著
801  0 @aCN@bLZJBOOK@c20070705
905    @a10447@dTQ224.12@e21
    
    甲醛生产/戴自庚主编/全国甲醛行业协作组编著.-成都:电子科技大学出版社,1993(2005重印)
    18,704页;20cm
    
    
    ISBN 7-81016-781-2:CNY56.80
    本书主要章节:甲醛生产和原料甲醇、甲醛生产反应物的准备与输送、甲醛生产反应过程、甲醛气体的吸收、甲醛工业催化剂等。
●
相关链接 在E读中查询图书 在五车中查询图书 在当当中查询图书 在豆瓣中查询图书


正题名:甲醛生产     索取号:TQ224.12/21         预约/预借

序号 登录号 条形码 馆藏地/架位号 状态 备注
1 0552348   205523487   第二样本阅览室/ [索取号:TQ224.12/21] 在馆    
2 0552349   205523496   第三借阅区/ [索取号:TQ224.12/21] 在馆    
3 0552350   205523502   第三借阅区/ [索取号:TQ224.12/21] 在馆    
4 0552351   205523511   密集书库/ [索取号:TQ224.12/21] 在馆    
5 0552352   205523520   第三借阅区/ [索取号:TQ224.12/21] 在馆    
6 0552353   205523539   第三借阅区/ [索取号:TQ224.12/21] 在馆    
7 0552354   205523548   密集书库/ [索取号:TQ224.12/21] 在馆    
8 0552355   205523557   密集书库/ [索取号:TQ224.12/21] 在馆    
唐山师范学院图书馆 欢迎您!
大连网信软件有限公司© 版权所有